|
|
|
|
| LEADER |
00554cam a2200157 7i4500 |
| 001 |
0000027283 |
| 005 |
20120105090000.0 |
| 020 |
0 |
0 |
|a 9781573111454
|
| 090 |
0 |
0 |
|a I 338.7
|b HOO
|
| 245 |
0 |
0 |
|a Hoover's handbook of world business 2011 :
|b profiles of major global enterprises.
|
| 260 |
0 |
0 |
|a Texas:
|b Hoover's Business Press,
|c 2011.
|
| 300 |
# |
# |
|a 419 p.
|
| 650 |
0 |
0 |
|a Business enterprises --
|x Directories
|
| 650 |
0 |
0 |
|a Corporations --
|x Directories
|
| 650 |
0 |
0 |
|a Global enterprises --
|x Directories
|
| 999 |
|
|
|a B000029937
|b Directories
|c Countries
|e Business Information Centre
|